00815nam a2200241 a 450000100100000000500170001000800410002702000150006804000250008308200240010810000320013224500440016425000110020826000340021930000210025349000330027465000280030765000420033583000420037704900090041995201280042899900170055600001274820200929163052.0091116s1993 es 000 f spa d a8433909452 aDO-SdBNPbspacBNPHU a863.64bG965m, 19931 aGuirao, Olga,d1956-92953410aMi querido sebastián /cOlaga Guirao. a2a ed. aBarcelona :bAnagrama,c1993. a190 p. ;c20 cm.1 aNarrativas Hispánicasv135 4aNovela española91123 4aLiteratura españolaySIGLO XX93326 0aNarrativas Hispánicas ;v135921224 aBNGR 001052708MOaGRbGRcCTd2009-11-16iLF1l0o863.64 G965m, 1993p12748-10r2020-06-25w2020-06-25y2ZPréstamo interno c12399d12399